|
|
|
|
| LEADER |
02171nam a2200613 i 4500 |
| 001 |
nkc20162804397 |
| 003 |
CZ PrNK |
| 005 |
20160803084001.0 |
| 007 |
ta |
| 008 |
160614s2016 xr a e 000 0dcze |
| 015 |
|
|
|a cnb002804397
|
| 020 |
|
|
|a 978-80-905812-1-0
|q (brožováno)
|
| 035 |
|
|
|a (OCoLC)958228318
|
| 040 |
|
|
|a BOA001
|b cze
|e rda
|
| 041 |
1 |
|
|a cze
|a eng
|h cze
|
| 043 |
|
|
|a e-xr---
|
| 045 |
|
|
|a x9y1
|
| 072 |
|
7 |
|a 75
|x Malířství
|2 Konspekt
|9 21
|
| 080 |
|
|
|a 75(437.3)
|2 MRF
|
| 080 |
|
|
|a 7.038.51
|2 MRF
|
| 080 |
|
|
|a (437.3)
|2 MRF
|
| 080 |
|
|
|a (084.11)
|2 MRF
|
| 100 |
1 |
|
|a Kříž, Jan,
|d 1935-
|7 mzk2018986792
|4 aut
|
| 245 |
1 |
0 |
|a Karel Balcar /
|c text Jan Kříž
|
| 264 |
|
1 |
|a Praha ;
|a Brno :
|b Kateřina Tučková - ARSkontakt,
|c 2016
|
| 300 |
|
|
|a 81 stran :
|b barevné ilustrace ;
|c 27 cm
|
| 336 |
|
|
|a text
|b txt
|2 rdacontent
|
| 336 |
|
|
|a statický obraz
|b sti
|2 rdacontent
|
| 337 |
|
|
|a bez média
|b n
|2 rdamedia
|
| 338 |
|
|
|a svazek
|b nc
|2 rdacarrier
|
| 490 |
1 |
|
|a Monografie
|
| 500 |
|
|
|a Překlad do angličtiny Christian Falvey
|
| 500 |
|
|
|a 500 výtisků
|
| 500 |
|
|
|a Životopisná data, přehled výstav
|
| 546 |
|
|
|a Souběžný anglický text
|
| 600 |
1 |
7 |
|a Balcar, Karel,
|d 1966-
|7 jo20010087033
|2 czenas
|
| 648 |
|
7 |
|a 20.-21. století
|7 ch462155
|2 czenas
|
| 648 |
|
4 |
|a 1997-2016
|
| 650 |
0 |
7 |
|a české malířství
|7 ph116864
|y 20.-21. století
|2 czenas
|
| 650 |
0 |
7 |
|a hyperrealismus (umění)
|7 ph172937
|z Česko
|2 czenas
|
| 650 |
0 |
9 |
|a Czech painting
|y 20th-21st centuries
|2 eczenas
|
| 650 |
0 |
9 |
|a hyperrealism in art
|z Czechia
|2 eczenas
|
| 655 |
|
7 |
|a obrazové publikace
|7 fd132947
|2 czenas
|
| 655 |
|
9 |
|a pictorial works
|2 eczenas
|
| 700 |
1 |
|
|a Balcar, Karel,
|d 1966-
|7 jo20010087033
|4 art
|4 ill
|
| 700 |
1 |
|
|a Falvey, Christian
|7 pag2010561807
|4 trl
|
| 830 |
|
0 |
|a Monografie (Arskontakt)
|0 s
|
| 910 |
2 |
|
|a BOA001
|b 3-1370.346
|
| 928 |
9 |
|
|a Arskontakt
|
| 990 |
|
|
|a BK
|
| 995 |
|
|
|a 01
|
| 991 |
|
|
|b 201606
|c NOV
|
| 996 |
6 |
|
|b 2610674279
|c 3-1370.346
|l MZK
|r Sklad / do 1 hodiny
|n 0
|p p.v.
|w 001566677
|u 000010
|a 1
|e BOA001
|j MZK50
|s P
|
| 996 |
7 |
|
|b 2610674280
|c 3-1370.346
|l MZK
|r Sklad / do 1 hodiny
|n 2
|p p.v.
|w 001566677
|u 000020
|a 1
|e BOA001
|j MZK50
|s A
|